50 Famous Women from the United States - Statistics

General Stats
  • This quiz has been taken 122 times
    71 since last reset
  • The average score is 29 of 50
Answer Stats
Hint Answer % Correct
Singer whose breakthrough came with number-one singles Just Dance and Poker Face Lady Gaga
88%
Actress, model, and singer who was the most popular sex symbol of the 1950s Marilyn Monroe
88%
First female aviator to fly solo across the Atlantic Ocean. Amelia Earhart
84%
First female Vice President Kamala Harris
84%
Queen of Pop who was married to Sean Penn and Guy Ritchie Madonna
84%
Leader of the Civil Rights Movement who refused to give up her seat on the bus for a white passenger Rosa Parks
84%
Actress who starred in the top-grossing romantic comedy Pretty Woman Julia Roberts
82%
Singer who rose to fame as a member of the R&B girl group Destiny's Child Beyonce
81%
First Lady, Senator and the Secretary of State Hillary Clinton
81%
American member of the British royal family who is married to Prince Harry, Duke of Sussex Meghan Markle
79%
Talk show host, television producer, actress and author dubbed the Queen of All Media Oprah Winfrey
79%
Tennis player who won 23 Grand Slam singles titles and four Olympic gold medals Serena Williams
79%
Singer whose first studio album was ...Baby One More Time Britney Spears
77%
Lawyer, writer and the First African American first lady Michelle Obama
77%
Comedian, actress and talk show host who starred in the sitcom Ellen Ellen DeGeneres
75%
Actress who won Oscars for the movies Kramer vs. Kramer, Sophie's Choice and the Iron Lady Meryl Streep
75%
Singer and actress who starred in the movie The Bodyguard Whitney Houston
74%
Queen of Soul who was named the greatest singer of all time by Rolling Stone Aretha Franklin
72%
Longest-serving first lady of the United States from 1933 to 1945 Eleanor Roosevelt
72%
Media personality known for the reality television series Keeping Up with the ... Kim Kardashian
72%
Native American woman associated with the colonial settlement at Jamestown Pocahontas
72%
Actress and Princess of Monaco Grace Kelly
70%
Writer who served as the first lady and later married the Greek shipping magnate Jacqueline Kennedy
68%
Political activist who rescued enslaved people, using the Underground Railroad network Harriet Tubman
60%
Singer who created a lasting legacy in country music with 10 Grammy wins Dolly Parton
58%
Queen of Rock 'n' Roll who started her career along with her future husband Ike Tina Turner
58%
1970s era tennis player who advocated for gender equality in sports Billie Jean King
56%
Actress who was named the greatest female star of classic Hollywood cinema Katharine Hepburn
54%
Gymnast who won 11 Olympic medals and 30 World Championship medals Simone Biles
54%
Novelist, writer, and poet best known for writing the novel Little Women Louisa May Alcott
51%
Guide, envoy and linguist who was on the Lewis and Clark Expedition Sacagawea
49%
Sharpshooter and folk heroine who starred in Buffalo Bill's Wild West Annie Oakley
44%
Author of the Uncle Tom’s Cabin Harriet Beecher Stowe
44%
Women's rights activist who played a pivotal role in the women's suffrage movement Susan B. Anthony
44%
Actress who won an Academy Award for her role in Girl, Interrupted Angelina Jolie
42%
UN Ambassador and First female Secretary of State Madeleine Albright
42%
Singer who released the autobiographical documentary Miss Americana Taylor Swift
40%
Businesswoman, writer, and TV personality who is focused on home and hospitality Martha Stewart
37%
Jazz and swing music singer, nicknamed "Lady Day" Billie Holiday
35%
Swimmer who won 9 Olympic gold medals Katie Ledecky
35%
Model and actress who was married to Richard Gere and whose daughter is actress Kaia Gerber Cindy Crawford
33%
Founder of the American Red Cross, an organisation that still exists to this day Clara Barton
33%
Tennis player who dominated women's tennis for much of the 1970s and 1980s Chris Evert
30%
Alpine ski racer who won four World Cup overall championships Lindsey Vonn
30%
Poet who is regarded as one of the most important figures in American poetry Emily Dickinson
28%
World's highest paid supermodel since 2017 Kendall Jenner
28%
Model and TV personality of Palestinian-Dutch descent Gigi Hadid
25%
Frontierswoman and sharpshooter known for being an acquaintance of Wild Bill Hickok Calamity Jane
23%
Three times WNBA Most Valuable Player who played for Los Angeles Sparks Lisa Leslie
16%
Mathematician and physicist who was an integral part of NASA's early space missions Katherine Johnson
11%
No matching quizzes found
Score Distribution
Percent of People with Each Score
Percentile by Number Answered
Your Score History
You have not taken this quiz since the last reset